| 000 | 01391nam a2200265 a 4500 | ||
|---|---|---|---|
| 001 | ASIN0711227519 | ||
| 003 | OSt | ||
| 005 | 20180116192418.0 | ||
| 008 | 130805s2009 xxu eng d | ||
| 020 |
_a0711227519 (hardcover) _c$65.00 |
||
| 020 | _a9780711227514 (hardcover) | ||
| 040 | _c00 | ||
| 050 | 0 | 4 | _aSB475.8 |
| 082 | 0 | 4 | _a714 |
| 100 | 1 |
_aHopwood, Rosalind. _96927 |
|
| 245 | 1 | 0 |
_aFountains and water features : _bfrom ancient springs to modern marvels / _cRosalind Hopwood. |
| 260 |
_aLondon : _bFrances Lincoln, _c2009. |
||
| 300 |
_a208 p. ; _c30 cm. |
||
| 520 | _aA key design element since the first gardens were tilled, water has been managed into a surprising range of styles — in symbolic and mythological themes, for private contemplation, and for large-scale displays of power and wealth. This book traces the history of fountains and describes key examples such as Moorish water gardens in Spain, Renaissance pleasure fountains, impressive schemes at Chatsworth and Vaux le Vicomte, and a wide range of contemporary cascades. More than 150 color illustrations depict these inspiring features. | ||
| 650 | 0 |
_aFountains _96928 |
|
| 650 | 0 |
_aWater in landscape architecture _96929 |
|
| 856 | 4 | 0 |
_3Amazon.com _uhttp://www.amazon.com/exec/obidos/ASIN/0711227519/chopaconline-20 |
| 942 |
_2ddc _cBK |
||
| 999 |
_c353790 _d353790 |
||